| 000 | 00555nam a2200181 i 4500 | ||
|---|---|---|---|
| 001 | 58825 | ||
| 003 | ES-MaACL | ||
| 005 | 20230906163909.0 | ||
| 007 | t| | ||
| 008 | 031024s1966 sp ||||1| baq d | ||
| 100 | 1 |
_aEtxebarria, Jon Gotzon ( _d1934-1996) _948305 |
|
| 245 | 1 | 0 |
_aEuskal iztegi labura / _cEtxebarria'tar Juan Anjel. |
| 260 |
_a[Bilbao] : _bS. Antorigo Katekesia, _c[1966] |
||
| 300 |
_a12 h. : _bil. ; _c17 cm. |
||
| 500 | _aSon las letras E-F. | ||
| 650 | 1 | 4 |
_aLengua vasca- _vDiccionarios. _914333 |
| 852 |
_aES-MaACL _j2059-F-17 _bR.64633 |
||
| 999 |
_c58825 _d58825 |
||